000 00250nam a22001097a 4500
999 _c252121
_d252120
020 _a9966445838
100 _aKLB
245 _aKiswahili Kwa Kidato Cha 1
250 _aTOLEO LA NNE
260 _aNAIROBI
_bKENYA LITERATURE BUREAU
_c2007
942 _cBK